| 000 | 00540nam a2200229 a 4500 | ||
|---|---|---|---|
| 001 | nice12345678 | ||
| 003 | IN_TiNIC | ||
| 005 | 20260116014235.0 | ||
| 008 | 050524s1999 dela grp 000 0 eng | ||
| 020 |
_a _c80 |
||
| 082 | 0 | 0 |
_a297.4 _bSHU1 |
| 100 | _aShushtery, A M A | ||
| 245 | _aEarly Sufis and Their Sufism | ||
| 260 |
_aDelhi _bAdam Publishers _c1999 |
||
| 300 | _a99 | ||
| 500 | _aincludes index and biblioraphy | ||
| 505 | 2 | _aIndex | |
| 700 | 1 | _aShushtery, A M A | |
| 902 | _bSRS | ||
| 942 | _cBK | ||
| 999 |
_c14473 _d14473 |
||